000 00384 a2200169 4500
001 157070
020 _a9788502211032
040 _cEscola São Tomás de Aquino
100 _aCEREJA, William Roberto
240 1 0 _aGramática reflexiva
_lpor
245 1 0 _aGramática reflexiva
300 _a416 p.
362 0 _a2013
440 1 _aSaraiva
697 _aPortuguês
942 _cBK
999 _c157070
_d157070